[Event "Las Tunas Guerrero Memorial-D"]
[Site "Las Tunas"]
[Date "2020.02.19"]
[Round "6.3"]
[White "Simon Batista, Lorenzo Alexis"]
[Black "De la Fuente Ochoa, Paloma Yunaid"]
[Result "1-0"]
[WhiteElo "1890"]
[BlackElo "1642"]
[PlyCount "97"]
[EventDate "2020.02.16"]
[EventType "tourn"]
[EventRounds "10"]
[EventCountry "CUB"]
[SourceTitle "EXT 2023"]
[Source "ChessBase"]
[SourceDate "2022.10.05"]
[SourceVersion "1"]
[SourceVersionDate "2022.10.05"]
[SourceQuality "1"]

1. e4 c5 2. Nc3 Nc6 3. g3 g6 4. Bg2 Bg7 5. Nge2 e6 6. d3 Nge7 7. Be3 d6 8. 0-0 0-0 9. Qd2 Rb8 10. a4 a6 11. f4 f5 12. e5 dxe5 13. Bxc5 e4 14. Qe3 exd3 15. cxd3 Re8 16. Bb6 Qd7 17. Qc5 Kh8 18. Rfe1 Nd5 19. Nxd5 exd5 20. Qxd5 Qxd5 21. Bxd5 Nb4 22. Nd4 Bd7 23. Bc4 Nc6 24. Rxe8+ Rxe8 25. Nxc6 Bxc6 26. d4 Re4 27. Rd1 Bxa4 28. b3 Bd7 29. Kf2 Re8 30. Re1 Rxe1 31. Kxe1 Bf8 32. Ke2 Kg7 33. Kd3 Kh6 34. Bd5 Bc6 35. Bxc6 bxc6 36. Kc4 Be7 37. Bc5 Bd8 38. Bf8+ Kh5 39. Kc5 Bf6 40. Bd6 Kg4 41. Be5 Be7+ 42. Kxc6 Kh3 43. Kd7 Bb4 44. Bd6 Bc3 45. d5 Kxh2 46. Ke6 Kxg3 47. b4 h5 48. Bc5 a5 49. d6 1-0

[Event "Las Tunas Guerrero Memorial-D"]
[Site "Las Tunas"]
[Date "2020.02.18"]
[Round "5.2"]
[White "Simon Batista, Lorenzo Alexis"]
[Black "Smith Escalona, Adalberto"]
[Result "1-0"]
[WhiteElo "1890"]
[BlackElo "1904"]
[PlyCount "73"]
[EventDate "2020.02.16"]
[EventType "tourn"]
[EventRounds "10"]
[EventCountry "CUB"]
[SourceTitle "EXT 2023"]
[Source "ChessBase"]
[SourceDate "2022.10.05"]
[SourceVersion "1"]
[SourceVersionDate "2022.10.05"]
[SourceQuality "1"]

1. e4 c5 2. Nc3 Nc6 3. g3 Nf6 4. Bg2 e5 5. Nge2 Be7 6. d3 d6 7. 0-0 0-0 8. h3 Be6 9. f4 Nd4 10. f5 Bd7 11. g4 h6 12. Be3 Bc6 13. Ng3 b5 14. Qd2 b4 15. Nd5 Bxd5 16. exd5 Kh7 17. c3 bxc3 18. bxc3 Nb5 19. a4 Nc7 20. c4 Na6 21. Bf3 Nd7 22. Ne4 Nb4 23. f6 Nxf6 24. Nxf6+ Bxf6 25. Be4+ g6 26. Bxh6 Bg7 27. Bg5 Qd7 28. Qf2 Rab8 29. Qh4+ Kg8 30. Be7 Nc2 31. Bxf8 Bxf8 32. Rab1 Rb4 33. Rxb4 cxb4 34. Qf2 Nd4 35. Bxg6 Bg7 36. Bxf7+ Kh8 37. Qh4+ 1-0

[Event "Las Tunas Guerrero Memorial-D"]
[Site "Las Tunas"]
[Date "2020.02.17"]
[Round "2.1"]
[White "Venzant Batista, Marcia Camila"]
[Black "Simon Batista, Lorenzo Alexis"]
[Result "0-1"]
[WhiteElo "1987"]
[BlackElo "1890"]
[PlyCount "52"]
[EventDate "2020.02.16"]
[EventType "tourn"]
[EventRounds "10"]
[EventCountry "CUB"]
[SourceTitle "EXT 2023"]
[Source "ChessBase"]
[SourceDate "2022.10.05"]
[SourceVersion "1"]
[SourceVersionDate "2022.10.05"]
[SourceQuality "1"]

1. e4 c5 2. Nf3 d6 3. d4 cxd4 4. Nxd4 Nf6 5. Nc3 g6 6. Be3 Bg7 7. f3 0-0 8. Qd2 Nc6 9. 0-0-0 d5 10. Qe1 e6 11. h4 h5 12. Be2 Re8 13. Nxc6 bxc6 14. g4 Qa5 15. a3 Rb8 16. e5 Nd7 17. gxh5 Nxe5 18. hxg6 fxg6 19. Rg1 Ba6 20. Bd4 Bh6+ 21. Rd2 Rxb2 22. Bxa6 Qxa3 23. Na2 Rxa2+ 24. Kd1 Ra1+ 25. Bxa1 Qxa1+ 26. Ke2 Qxe1+ 0-1

[Event "Moncada Cup"]
[Site "Santiago de Cuba"]
[Date "2017.03.22"]
[Round "2.2"]
[White "Ballester Fenandez, Jose Angel"]
[Black "Simon Batista, Lorenzo Alexis"]
[Result "0-1"]
[WhiteElo "1845"]
[BlackElo "1896"]
[PlyCount "50"]
[EventDate "2017.03.21"]
[EventType "swiss"]
[EventRounds "10"]
[EventCountry "CUB"]
[SourceTitle "EXT 2023"]
[Source "ChessBase"]
[SourceDate "2022.10.05"]
[SourceVersion "1"]
[SourceVersionDate "2022.10.05"]
[SourceQuality "1"]

1. e4 c5 2. Nf3 d6 3. d4 cxd4 4. Nxd4 Nf6 5. Nc3 g6 6. f3 Bg7 7. Be3 0-0 8. Qd2 Nc6 9. Bc4 Bd7 10. 0-0-0 Rb8 11. g4 Na5 12. Bb3 b5 13. h4 Nc4 14. Bxc4 bxc4 15. h5 Qa5 16. hxg6 fxg6 17. Kb1 Qb4 18. b3 cxb3 19. cxb3 Rfc8 20. g5 Rxc3 21. gxf6 Bxf6 22. Rh2 a5 23. Rc1 Rxe3 24. Qxe3 Qxd4 25. Qxd4 Bxd4 0-1

[Event "Moncada Cup"]
[Site "Santiago de Cuba"]
[Date "2017.03.22"]
[Round "3.2"]
[White "Simon Batista, Lorenzo Alexis"]
[Black "Bosch Valls, Leannet Mariah"]
[Result "1-0"]
[WhiteElo "1896"]
[BlackElo "1891"]
[PlyCount "91"]
[EventDate "2017.03.21"]
[EventType "swiss"]
[EventRounds "10"]
[EventCountry "CUB"]
[SourceTitle "EXT 2023"]
[Source "ChessBase"]
[SourceDate "2022.10.05"]
[SourceVersion "1"]
[SourceVersionDate "2022.10.05"]
[SourceQuality "1"]

1. e4 e5 2. Nf3 Nc6 3. d4 exd4 4. Bc4 Nf6 5. e5 d5 6. Bb5 Ne4 7. Nxd4 Bc5 8. c3 Bd7 9. Bxc6 bxc6 10. 0-0 0-0 11. f3 Ng5 12. f4 Ne4 13. Nd2 Nxd2 14. Bxd2 Re8 15. Kh1 Bb6 16. Qh5 Qc8 17. Rac1 c5 18. Nb3 Bf5 19. h3 Qe6 20. Be3 c4 21. Nd4 Bxd4 22. Bxd4 Qg6 23. Qxg6 hxg6 24. b4 cxb3 25. axb3 a5 26. Ra1 Reb8 27. Ra3 Bc2 28. Rfa1 Bxb3 29. Rxa5 Rxa5 30. Rxa5 Bc4 31. Rc5 Rc8 32. g4 c6 33. Ra5 Bd3 34. e6 f6 35. e7 Kf7 36. Bc5 Rb8 37. Bd6 Rc8 38. Kg2 Ke6 39. Bc5 Kf7 40. Kg3 Rb8 41. Kf2 Rc8 42. Ke3 Be4 43. Ra7 Ke8 44. Kd4 Bf3 45. Bd6 Be2 46. Kc5 1-0

[Event "Moncada Cup"]
[Site "Santiago de Cuba"]
[Date "2017.03.21"]
[Round "1.3"]
[White "Simon Batista, Lorenzo Alexis"]
[Black "Martinez Rosales, Sergio"]
[Result "1/2-1/2"]
[WhiteElo "1896"]
[BlackElo "1874"]
[PlyCount "22"]
[EventDate "2017.03.21"]
[EventType "swiss"]
[EventRounds "10"]
[EventCountry "CUB"]
[SourceTitle "EXT 2023"]
[Source "ChessBase"]
[SourceDate "2022.10.05"]
[SourceVersion "1"]
[SourceVersionDate "2022.10.05"]
[SourceQuality "1"]

1. e4 e5 2. Nf3 Nc6 3. Bc4 Bc5 4. Nc3 Nf6 5. d3 d6 6. h3 0-0 7. 0-0 h6 8. Be3 Bb6 9. Qd2 Bxe3 10. fxe3 Be6 11. Bb3 Bd7 1/2-1/2

[Event "Bayamo Cespedes Memorial op"]
[Site "Bayamo"]
[Date "2017.03.07"]
[Round "9.12"]
[White "Ordonez Peregrino, Jordan"]
[Black "Simon Batista, Lorenzo Alexis"]
[Result "1/2-1/2"]
[WhiteElo "2082"]
[BlackElo "1896"]
[PlyCount "40"]
[EventDate "2017.03.01"]
[EventType "swiss"]
[EventRounds "9"]
[EventCountry "CUB"]
[SourceTitle "EXT 2023"]
[Source "ChessBase"]
[SourceDate "2022.10.05"]
[SourceVersion "1"]
[SourceVersionDate "2022.10.05"]
[SourceQuality "1"]

1. e4 c5 2. Nf3 d6 3. d4 cxd4 4. Bb5+ Bd7 5. Bxd7+ Nxd7 6. Nxd4 Ngf6 7. Nc3 g6 8. 0-0 Bg7 9. Re1 0-0 10. Re3 Rc8 11. Rh3 Qb6 12. Rh4 Rfe8 13. Nde2 Ne5 14. Qd4 Qxd4 15. Nxd4 Rc4 16. Nce2 Nc6 17. c3 Nxd4 18. Nxd4 a6 19. f3 Rec8 20. Bd2 Nd7 1/2-1/2

[Event "Capablanca Memorial op-B 48th"]
[Site "Havana"]
[Date "2013.04.25"]
[Round "5"]
[White "Gonzalez Ramos, Eduardo"]
[Black "Simon Batista, Lorenzo Alexis"]
[Result "1-0"]
[WhiteElo "2048"]
[BlackElo "1847"]
[PlyCount "77"]
[EventDate "2013.04.21"]
[EventType "swiss"]
[EventRounds "9"]
[EventCountry "CUB"]
[SourceTitle "CBM 154 Extra"]
[Source "ChessBase"]
[SourceDate "2013.06.25"]
[SourceVersion "2"]
[SourceVersionDate "2013.06.25"]
[SourceQuality "1"]

1. e4 c5 2. Nf3 d6 3. c3 Nf6 4. Be2 Nc6 5. d3 g6 6. 0-0 Bg7 7. Re1 0-0 8. Bf1 Bg4 9. h3 Bxf3 10. Qxf3 Rc8 11. Qd1 Nd7 12. Be3 e5 13. Nd2 Kh8 14. Nc4 Nb6 15. Qb3 Nxc4 16. Qxc4 a6 17. a4 f5 18. f3 f4 19. Bf2 g5 20. Reb1 Qd7 21. a5 Rf6 22. Qa4 Nb8 23. b4 Qxa4 24. Rxa4 cxb4 25. Raxb4 Rxc3 26. Rxb7 Nc6 27. Rc7 Rc2 28. Rb6 Nd4 29. Rxc2 Nxc2 30. Rxa6 Bf8 31. Bb6 Kg7 32. Ra7+ Kg6 33. Rc7 Nb4 34. d4 Rf7 35. d5 Be7 36. Bb5 Kf6 37. a6 Rf8 38. a7 Ra8 39. Rb7 1-0

[Event "Capablanca Memorial op-B 48th"]
[Site "Havana"]
[Date "2013.04.21"]
[Round "1"]
[White "Simon Batista, Lorenzo Alexis"]
[Black "Fernandez de La Vara, Arnaldo"]
[Result "0-1"]
[WhiteElo "1847"]
[BlackElo "2143"]
[PlyCount "76"]
[EventDate "2013.04.21"]
[EventType "swiss"]
[EventRounds "9"]
[EventCountry "CUB"]
[SourceTitle "CBM 154 Extra"]
[Source "ChessBase"]
[SourceDate "2013.06.25"]
[SourceVersion "2"]
[SourceVersionDate "2013.06.25"]
[SourceQuality "1"]

1. e4 c5 2. Nc3 d6 3. g3 g6 4. Bg2 Bg7 5. Nge2 Nc6 6. 0-0 e6 7. d3 Nge7 8. Be3 Nd4 9. Qd2 0-0 10. f4 f5 11. Nd1 Rb8 12. c3 Nxe2+ 13. Qxe2 b5 14. Nf2 Qc7 15. Rad1 Ba6 16. Rd2 Rfd8 17. Nh3 h6 18. Qf2 fxe4 19. dxe4 b4 20. Rc1 bxc3 21. bxc3 Rdc8 22. Bf3 d5 23. exd5 Nxd5 24. Bxd5 exd5 25. Rxd5 Bb7 26. Rxc5 Qd7 27. f5 Rxc5 28. Bxc5 Qd5 29. Kf1 Qc4+ 30. Kg1 Qe4 31. Kf1 Ba6+ 32. Kg1 Rb1 33. Be3 Bb7 34. Kf1 Bxc3 35. Ng1 Rxc1+ 36. Bxc1 Ba6+ 37. Ne2 Qh1+ 38. Qg1 Bxe2+ 0-1